000 00711nam a2200289Ia 4500
005 20260324141331.0
008 008 260324s9999 xx 000 0 eng d
020 _a9780203441602
037 _aEBOOK
040 _aCRL
040 _beng
040 _cCRL
041 _2eng
041 _aeng
084 _qCRL
100 _aJocelyn Penny Small
_91207809
245 0 _aWax Tablets of the Mind
245 0 _bCognitive Studies of Memory and Literacy in Classical Antiquity
260 _bTaylor and Francis
260 _c1997
365 _a
365 _b280
856 _uhttp://www.taylorfrancis.com/books/9780203441602
942 _cEBOOK
999 _c1810775
_d1810775